000 00299nam a22001337a 4500
008 170523b xxu||||| |||| 00| 0 eng d
020 _a9780195119930
041 _aeng
080 _23RD
_a94(4)
100 _a16
101 _aSHH
245 _aRETURN TO DIVERSITY
_cROTHSCHILD,J
942 _2udc
_cBK
999 _c13913
_d13913